Ethika. Bárány Gerő: Az ethikai világrend útjelzői
Elmentve itt :
| Szerző: | |
|---|---|
| Adatforrás: | Philobibl |
| Forrásdokumentuma: | Minerva 1925. 4. évf., 173-174. p. |
| Dokumentumtípus: | Cikk |
| Nyelv: | magyar |
| LEADER | 00346nab a2200109 c 4500 | ||
|---|---|---|---|
| 001 | bibDOK00015651 | ||
| 005 | 20200924121027.6 | ||
| 008 | 060518s1925 xx hun | ||
| 100 | 2 | |a Halasy-Nagy József | |
| 245 | 1 | 0 | |a Ethika. Bárány Gerő: Az ethikai világrend útjelzői |c Halasy-Nagy József |
| 500 | |a Ismertetés | ||
| 773 | 0 | |t Minerva |g 1925. 4. évf., 173-174. p. | |